00436nam a2200145Ia 4500008004100000041000900041082001800050100003000068245002600098260003800124300000800162650000800170999001700178952009500195230718s9999 xx 000 0 und d aEng. a344078bFAR-R aFarduji mulla, S. Dinshah 0aRegistration Act 1908 aPakistanbMansoor law housec2013 a140 aLaw c28285d28285 00104070aSIRC-LbSIRC-Ld2023-07-18l0o344078 FAR-Rp23237r2023-07-18w2023-07-18yBK